Online
Catalog

Seguridad Aviacion Civil en la Republica Dominicana CESAC: (Record no. 50214)

MARC details
000 -CABECERA
campo de control de longitud fija 01240nam a2200277 a 4500
003 - IDENTIFICADOR DEL NÚMERO DE CONTROL
campo de control DO-SdBNP
005 - FECHA Y HORA DE LA ÚLTIMA TRANSACCIÓN
campo de control 20220328123526.0
007 - CAMPO FIJO DE DESCRIPCIÓN FÍSICA--INFORMACIÓN GENERAL
campo de control de longitud fija ta
008 - DATOS DE LONGITUD FIJA--INFORMACIÓN GENERAL
campo de control de longitud fija 210818e2018 dr aco|gr|||| 001 0 spa d
040 ## - FUENTE DE LA CATALOGACIÓN
Centro catalogador/agencia de origen DO-SdBNP
Lengua de catalogación spa
Centro/agencia transcriptor BNPHU
082 #4 - NÚMERO DE LA CLASIFICACIÓN DECIMAL DEWEY
Número de documento/Ítem R426s
Número de edición 22
110 1# - ENTRADA PRINCIPAL--NOMBRE DE ENTIDAD CORPORATIVA
Nombre de entidad corporativa o nombre de jurisdicción como elemento de entrada República Dominicana :
Unidad subordinada Cuerpo Especializado en Seguridad Aeroportuaria y de la Aviación Civil (CESAC)
9 (RLIN) 79475
245 10 - MENCIÓN DE TÍTULO
Título Seguridad Aviacion Civil en la Republica Dominicana CESAC:
Resto del título 21 años, una historia de éxitos 1997 - 2018. /
Mención de responsabilidad, etc. Prólogo, Miguel Franjul; Edición Diseño y Producción Tony Núñez.; Fotografía, Alberto Martínez, Miguel Mañón;
260 ## - PUBLICACIÓN, DISTRIBUCIÓN, ETC.
Lugar de publicación, distribución, etc. Santo Domingo :
Nombre del editor, distribuidor, etc. Tony Núñez y Asociados SRL,
Fecha de publicación, distribución, etc. 20018
300 ## - DESCRIPCIÓN FÍSICA
Extensión 352 p.:
Otras características físicas il., fotogr. retr, ;
Dimensiones 28 cm.
500 ## - NOTA GENERAL
Nota general incluye acrónimos.
500 ## - NOTA GENERAL
Nota general Incluye galería de directores.
590 ## - NOTA LOCAL (RLIN)
Nota local Inventariado 2021 / MF
700 1# - PUNTO DE ACCESO ADICIONAL--NOMBRE DE PERSONA
9 (RLIN) 38764
Nombre de persona Franjul, Miguel,
Código de función/relación pról.
Fechas asociadas al nombre 1951-
700 1# - PUNTO DE ACCESO ADICIONAL--NOMBRE DE PERSONA
9 (RLIN) 77999
Nombre de persona Núñez, Tony,
Término indicativo de función/relación editor.
700 1# - PUNTO DE ACCESO ADICIONAL--NOMBRE DE PERSONA
Nombre de persona Martínez, Alberto,
Término indicativo de función/relación fotogr.
9 (RLIN) 79476
700 ## - PUNTO DE ACCESO ADICIONAL--NOMBRE DE PERSONA
Nombre de persona Miguel, Mañón,
Término indicativo de función/relación fotogr.
9 (RLIN) 79477
710 ## - PUNTO DE ACCESO ADICIONAL--NOMBRE DE ENTIDAD CORPORATIVA
9 (RLIN) 79475
Nombre de entidad corporativa o nombre de jurisdicción como elemento de entrada República Dominicana :
Unidad subordinada Cuerpo Especializado en Seguridad Aeroportuaria y de la Aviación Civil (CESAC)
910 ## - DATOS DE OPCIÓN DEL USUARIO (OCLC)
Datos de opción del usuario MFeliz
942 ## - ELEMENTOS DE PUNTO DE ACCESO ADICIONAL (KOHA)
Fuente del sistema de clasificación o colocación Dewey Decimal Classification
Tipo de ítem Koha Libro
Holdings
Estado de retiro Estado de pérdida Fuente del sistema de clasificación o colocación Restricciones de uso No para préstamo Código de colección Localización permanente Ubicación/localización actual Ubicación en estantería Fecha de adquisición Fuente de adquisición Total de préstamos Signatura topográfica completa Código de barras Fecha visto por última vez Precio válido a partir de Tipo de ítem Koha Número de copia
    Dewey Decimal Classification Excluido de préstamo   Patrimonio Dominicano Biblioteca Nacional Pedro Henríquez Ureña Biblioteca Nacional Pedro Henríquez Ureña Depósito 14.09.2018 Depósito legal   R426s 2021-25457 18.08.2021 18.08.2021 Libro  
    Dewey Decimal Classification Excluido de préstamo   Patrimonio Dominicano Biblioteca Nacional Pedro Henríquez Ureña Biblioteca Nacional Pedro Henríquez Ureña Depósito 14.09.2018 Depósito legal   R426s 2021-25459 18.08.2021 18.08.2021 Libro e.2

Powered by Koha